00462nam a2200097Ia 4500008004100000040004400041100005700085245013200142260007700274999001300351180412s9999||||xx |||||||||||||| ||und|| aAhmadu Bello University Library - Zaria aEDUCATIONAL COMMISSION FOR FOREIGN MEDICAL GRADUATES 0aEducational commission for foreign medical graduates - annual report 1984cEducational commission for foreign medical graduates aPhiladelphiabEducational commission for foreign medical graduatesc1984 c590d590